HAP, Henry H. Arnold, military aviator.

Bibliographic Details
Main Author: Davis, Richard G.
Corporate Author: Air Force History and Museums Program (U.S.)
Format: Government Document Book
Language:English
Published: Washington, DC : Air Force History and Museums Program : 1997.
Edition:Air Force fiftieth anniversary commemorative ed.
Subjects:

MARC

Tag First Indicator Second Indicator Subfields
LEADER 00000cam a2200000 a 4500
001 in00001402760
005 20151020052149.0
008 970702s1997 dcua b f000 0 eng d
010 |a gp 97065924  
020 |a 0160490715 :  |c $2.25 
035 |a (OCoLC)37227798 
035 |9 AHM2874AM 
037 |a 008-070-00724-0  |b GPO 
040 |d GPO  |d DLC  |d MvI  |d UtOrBLW 
043 |a n-us--- 
074 |a 0422-M-01 
086 0 |a D 301.82/7:H 21 
090 |a UG626.2.A76  |b D38 1997 
100 1 |a Davis, Richard G. 
245 1 0 |a HAP, Henry H. Arnold, military aviator. 
246 3 0 |a Henry H. Arnold, military aviator 
250 |a Air Force fiftieth anniversary commemorative ed. 
264 1 |a Washington, DC :  |b Air Force History and Museums Program :  |c 1997. 
264 2 |a Washington, DC :  |b For sale by U.S. G.P.O., Supt. of Docs., 
300 |a ii, 38 pages :  |b illustrations ;  |c 24 cm. 
336 |a text  |b txt  |2 rdacontent 
337 |a unmediated  |b n  |2 rdamedia 
338 |a volume  |b nc  |2 rdacarrier 
500 |a Shipping list number: 97-0275-P. 
504 |a Includes bibliographical references (pages 34-38). 
600 1 0 |a Arnold, Henry Harley,  |d 1886-1950. 
610 1 0 |a United States.  |b Air Force  |x Biography. 
650 0 |a Generals  |z United States  |v Biography. 
710 2 |a Air Force History and Museums Program (U.S.) 
999 |a MARS 
999 f f |s c83bd09b-0965-3abc-b162-76236e024a26  |i db573d27-ca1d-3414-9d56-617db26d06f7  |t 0 
952 f f |p normal  |a Texas A&M University  |b College Station  |c Sterling C. Evans Library  |d Evans: US Documents (Annex 5th floor)  |t 0  |e D 301.82/7:H 21  |h Superintendent of Documents classification  |i unmediated -- volume  |m A14821676740 
998 f f |a D 301.82/7:H 21  |t 0  |l Evans: US Documents (Annex 5th floor)